书目信息 |
| 题名: |
工业催化
|
|
| 作者: | 耿建铭 , 黄仲涛 编著 | |
| 分册: | ||
| 出版信息: | 北京 化学工业出版社 2006 |
|
| 页数: | ||
| 开本: | 26cm | |
| 丛书名: | ||
| 单 册: | ||
| 中图分类: | TQ032 | |
| 科图分类: | ||
| 主题词: | 化学反应过程 | |
| 电子资源: | ||
| ISBN: | 7-5025-8742-X | |
| 000 | 00595nam0 2200205 450 | |
| 001 | 0754114953 | |
| 005 | 20070929150154.95 | |
| 010 | @a7-5025-8742-X | |
| 100 | @a20070929d km y0chiy0120 ea | |
| 101 | 0 | @achi |
| 200 | 1 | @a工业催化@Agong ye cui hua@f黄仲涛,耿建铭 编著@Fhuang zhong tao,geng jian ming bian zhu |
| 205 | @a2版 | |
| 210 | @a北京@c化学工业出版社@d2006 | |
| 215 | @c插图@d26cm | |
| 606 | 0 | @a化学反应过程 |
| 690 | @aTQ032@v3 | |
| 701 | 0 | @a耿建铭@Ageng jian ming@4编著 |
| 701 | 0 | @a黄仲涛@Ahuang zhong tao@4编著 |
| 801 | 0 | @aCN@bPFT@c20070929 |
| 905 | @a213230@dTQ032@eh173=2@f1 | |
| 工业催化/黄仲涛,耿建铭 编著.-2版.-北京:化学工业出版社,2006 |
| 插图;26cm |
| ISBN 7-5025-8742-X: |
| ● |
| 相关链接 |
|
|
|
|
正题名:工业催化
索取号:TQ032/h173=2
 
预约/预借
| 序号 | 登录号 | 条形码 | 馆藏地/架位号 | 状态 | 备注 |
| 1 | 6002256 | 260022567 | 密集书库-化学系/ [索取号:TQ032/h173=2] | 在馆 |